Sports Quiz

Random Sports or NHL Quiz

NHL Logos Quiz Stats

 Plays Quiz Updated Jul 8, 2021

Support Sporcle.
Go Orange.
Score 0/32 Timer 05:00
16 Plays Today
Number Team % Correct
Boston Bruins
94.5%
San Jose Sharks
94.4%
Detroit Red Wings
94.3%
Toronto Maple Leafs
92.5%
New Jersey Devils
92%
Pittsburgh Penguins
92%
New York Rangers
88.5%
Colorado Avalanche
87.7%
Philadelphia Flyers
87.4%
St. Louis Blues
87.2%
Dallas Stars
87.1%
Anaheim Ducks
86.1%
Chicago Blackhawks
85.5%
Los Angeles Kings
84.7%
Calgary Flames
84.1%
Arizona Coyotes
83.7%
Number Team % Correct
Edmonton Oilers
81.2%
Nashville Predators
80.1%
Tampa Bay Lightning
79.1%
Buffalo Sabres
78.7%
New York Islanders
78.4%
Ottawa Senators
77.5%
Minnesota Wild
77.2%
Washington Capitals
76.9%
Carolina Hurricanes
76.8%
Montreal Canadiens
75.1%
Florida Panthers
74.9%
Winnipeg Jets
73.9%
Vegas Golden Knights
72.7%
Vancouver Canucks
68.2%
Columbus Blue Jackets
66.3%
Seattle Kraken
61.6%

You're not logged in!

Compare scores with friends on all Sporcle quizzes.
OR
Log In
Forgot?

From the Vault

Jane Austen Beaus

by Skyepainter

You know when we're throwing around a word like 'beau' we're probably dealing with Jane Austen.
Remove Ads.
Support Sporcle.
Get the best of Sporcle when you Go Orange. This ad-free experience offers more features, more stats, and more fun while also helping to support Sporcle. Thank you for becoming a member.

Show Comments

Extras

Top Quizzes Today


Score Distribution

Your Account Isn't Verified!

In order to create a playlist on Sporcle, you need to verify the email address you used during registration. Go to your Sporcle Settings to finish the process.

Report this User

Report this user for behavior that violates our Community Guidelines.

Details: